1728 1204 1765 1318 1303 1304 1254 1585 1109 1956 1777 1500 1369 1034 1477 1691 1032 1566 1663 1865 1234 1120 1270 1096 1846 1878 1266 1750 1392 1450 1244 1073 1037 1073 1524 1666 1107 1247 1491 1758 1394 1959 1012 1297 1492 1273 1888 1012 1987 1625 1023 1268 1076 1509 1858 1904 1902 1914 1570 1319 1958 1798 1940 1770 1896 1436 1684 1049 1219 1327 1826 1329 1092 1642 1453 1723 1554 1255 1330 1420 1418 1144 1559 1863 1754 1855 1420 1307 1427 1174 1911 1290 1418 1958 1570 1975 1233 1090 1314 BCNSPRNW ULIB Ver.6.0+V

เปลี่ยนเป็นภาษาไทย

Change to English
 แสดงรายละเอียดบรรณานุกรม
  กลับหน้าหลัก

Brief Record : Get Marc (ISO 2709) : E-mail record : QR code < ปิดหน้าต่าง
LEADER : 00000nam 2200000uu 4500
001    13399111746
003     ULIB
008    110707s2549||||th 000 0 tha d
090 04 CT203.T3^bห333 2549
110 1  กองทุนศาสตราจารย์ ดร.สิปปนนท์ เกตุทัต
245 10 หลายชีวิตของสิปปนนท์ เกตุทัต /^cกองทุนศาสตราจารย์ ดร.สิปปนนท์ เกตุทัต
260    กรุงเทพฯ :^bกองทุนศาสตราจารย์ ดร.สิปปนนท์ เกตุทัต,^c2549
300    234 หน้า :^bภาพประกอบลี
650  7 สิปปนนท์ เกตุทัต
945    ^p0^l0^i020732
995    ทศพร
999 ^a ใช้งานได้ทุกระบบ
รายการนี้ยังไม่มีแท็ก
คุณยังไม่ได้ล็อกอิน คุณสามารถมีกิจกรรมร่วมกับเว็บไซต์ได้ แต่ต้องล็อกอินก่อน ::
  ล็อกอิน

รายการสื่อสารสนเทศ

ลำดับที่ ประเภท เลขเรียก/บาร์โค้ด สถานที่ สถานะ
- ไม่พบข้อมูล -

BibComment


ยังไม่เคยถูกคอมเมนท์

คอมเมนท์ทรัพยากรรายการนี้
  คอมเมนท์: หลายชีวิตของสิปปน..


 Copyright 2026. Bcnsprnw @Library